Southville International School and Colleges
Your cart is empty.
  • Cart
  • Lists
    Public lists list_1 View all
    Your lists Log in to create your own lists
  • Log in to your account
  • Your cookies
  • Search history
Southville International School and Colleges
  • Advanced search
  • Recent comments
  • Most popular
  • Libraries

Log in to your account

Log in with GOOGLE


If you do not have an external account, but do have a local account, you can still log in:

  1. Home
  2. MARC view: Sociology of Health & Illness /
Normal view MARC view ISBD view

Sociology of Health & Illness / (Record no. 275679)

[ view plain ]
MARC details
000 -LEADER
fixed length control field 00594nam a2200193Ia 4500
008 - FIXED-LENGTH DATA ELEMENTS--GENERAL INFORMATION
fixed length control field 140925s9999 xx 000 0 und d
020 ## - INTERNATIONAL STANDARD BOOK NUMBER
International Standard Book Number 1467-9566
100 ## - MAIN ENTRY--PERSONAL NAME
Personal name Williams, Gareth.
245 ## - TITLE STATEMENT
Title Sociology of Health & Illness /
Statement of responsibility, etc Gareth Williams.
Medium [electronic resource]
260 ## - PUBLICATION, DISTRIBUTION, ETC. (IMPRINT)
Name of publisher, distributor, etc John Wiley & Sons, Inc.,
Date of publication, distribution, etc c2013.
516 ## - TYPE OF COMPUTER FILE OR DATA NOTE
Type of computer file or data note Electronic text
650 ## - SUBJECT ADDED ENTRY--TOPICAL TERM
Topical term or geographic name as entry element Health and Illness.
650 ## - SUBJECT ADDED ENTRY--TOPICAL TERM
Topical term or geographic name as entry element Nursing.
650 ## - SUBJECT ADDED ENTRY--TOPICAL TERM
Topical term or geographic name as entry element Sociology.
830 ## - SERIES ADDED ENTRY--UNIFORM TITLE
Uniform title John Wiley & Sons, Inc.
856 ## - ELECTRONIC LOCATION AND ACCESS
Uniform Resource Identifier <a href="http://onlinelibrary.wiley.com/journal/10.1111/%28ISSN%291467-9566">http://onlinelibrary.wiley.com/journal/10.1111/%28ISSN%291467-9566</a>
942 ## - ADDED ENTRY ELEMENTS (KOHA)
Koha item type Electronic Journals
Holdings
Withdrawn status Lost status Damaged status Home library Current library Date acquired Total Checkouts Barcode Date last seen Price effective from Koha item type
      College Library College Library     EJ0076 09/25/2014 09/25/2014 Electronic Journals

Sociology of Health & Illness /

APA

Williams G., . (2013). Sociology of Health & Illness. : John Wiley & Sons, Inc.

Chicago

Williams Gareth, . 2013. Sociology of Health & Illness. : John Wiley & Sons, Inc.

Harvard

Williams G., . (2013). Sociology of Health & Illness. : John Wiley & Sons, Inc.

MLA

Williams Gareth, . Sociology of Health & Illness. : John Wiley & Sons, Inc. 2013.

  • Place hold
  • Print
  • Cite
  • Add to your cart (remove)
  • Save record
    BIBTEX Dublin Core MARCXML MARC (non-Unicode/MARC-8) MARC (Unicode/UTF-8) MARC (Unicode/UTF-8, Standard) MODS (XML) RIS
  • More searches
    Search for this title in:
    Other Libraries (WorldCat) Other Databases (Google Scholar) Online Stores (Bookfinder.com) Open Library (openlibrary.org)

Exporting to Dublin Core...

SOUTHVILLE LIBRARY

Southville International School and Colleges Library

1281 Tropical Ave. Cor. Luxembourg St., BF Homes International, Las Pinas City

Tel. No. 8256374 / 252358 Loc. 117/146

Powered by Koha